| 000 | 00476nam a2200169Ia 4500 | ||
|---|---|---|---|
| 008 | 230917s9999||||xx |||||||||||||| ||und|| | ||
| 020 | _cRS1295 | ||
| 040 |
_e251641 _aMAIN |
||
| 041 | _aEnglish | ||
| 082 | _a005.8 S64S | ||
| 100 | _aSingh, S K | ||
| 245 | 0 | _aSecurity cyberspace: International and Asian perspectives | |
| 260 |
_aDelhi _bPrashant Publishing House _c2017 |
||
| 300 | _a264 p. | ||
| 500 | _a3328 27/11/2018 RBP18/73086 13/12/2018 Main Budget | ||
| 942 | _cBK | ||
| 999 |
_c29030 _d29030 |
||